000 00417nam a22001577a 4500
999 _c6164
_d6162
005 20210826134408.0
008 200318b xxu||||| |||| 00| 0 eng d
020 _a9788123924199
041 _aeng
100 _aSHRIVASTAVA, AIANKAR
_95307
245 _aVALIDATION OF ANALYTICAL METHOD: METHODOLOGY AND STATISTICS
260 _aNEW DELHI
_bCBS
_c2017
300 _a186;p vii
650 _aPHARMACY
_96747
942 _cBK